Three-Level Model for Opinion Aggregation Under Hesitance

Hodnotné informácie pre rozhodovanie možno získať zhromažďovaním a analýzou názorov od rôznych zainteresovaných strán alebo skupín respondentov, ktoré majú zvyčajne rôzne pozadie a sú rôzne ovplyvnené skúmanými témami. Aby sa to podarilo, je potrebné zvládnuť neistotu názorov respondentov, rôzny poč...

Celý popis

Uložené v:
Podrobná bibliografia
Hlavný autor: Zapletal, František
Ďalší autori: Hudec, Miroslav, 1969-, Švaňa, Miloš, Němec, Radek
Médium: Kapitola
Jazyk:English
Predmet:
Tagy: Pridať tag
Žiadne tagy, Buďte prvý, kto otaguje tento záznam!

MARC

LEADER 00000naa a2200000 4500
001 0296168
005 20240502083952.7
041 0 |a eng 
044 |a CH 
245 1 0 |a Three-Level Model for Opinion Aggregation Under Hesitance  |c František Zapletal, Miroslav Hudec, Miloš Švaňa, Radek Němec 
520 |a Hodnotné informácie pre rozhodovanie možno získať zhromažďovaním a analýzou názorov od rôznych zainteresovaných strán alebo skupín respondentov, ktoré majú zvyčajne rôzne pozadie a sú rôzne ovplyvnené skúmanými témami. Aby sa to podarilo, je potrebné zvládnuť neistotu názorov respondentov, rôzny počet vyplnených dotazníkov medzi skupinami, rôzny počet otázok pre každú skupinu zainteresovaných strán a relevantnosť podskupín skupín respondentov. Táto práca navrhuje riešiť váhavosť názorov respondentov na otázky hodnotiacej škály. Na vyhodnotenie zozbieraných názorov je vypracovaný trojúrovňový model agregácie. 
610 2 0 |a modely 
610 2 0 |a informatika 
610 2 0 |a rozhodovanie 
610 2 0 |a informácie 
610 2 0 |a stakeholder 
610 2 0 |a prieskum 
100 1 |a Zapletal, František 
700 1 |a Hudec, Miroslav, 1969- 
700 1 |a Švaňa, Miloš 
700 1 |a Němec, Radek